[Event "Wloclawek CC Classic 23rd"]
[Site "Wloclawek"]
[Date "2019.??.??"]
[Round "6"]
[White "Dabek, Wieslaw"]
[Black "Sliwa, Krzysztof"]
[Result "1/2-1/2"]
[WhiteElo "1291"]
[BlackElo "1033"]
[PlyCount "26"]
[EventDate "2019.06.??"]
[EventType "swiss"]
[EventRounds "7"]
[EventCountry "POL"]
[SourceTitle "EXT 2021"]
[Source "ChessBase"]
[SourceDate "2020.10.23"]
[SourceVersion "1"]
[SourceVersionDate "2020.10.23"]
[SourceQuality "1"]

1. e4 e5 2. Nf3 Nc6 3. c3 Nf6 4. Qc2 Bc5 5. h3 d6 6. Be2 0-0 7. 0-0 Re8 8. a4 a6 9. d3 h6 10. Nbd2 Bd7 11. Nb3 Ba7 12. Kh1 Be6 13. Nbd2 Qd7 1/2-1/2

[Event "Wloclawek CC Classic 09th"]
[Site "Wloclawek"]
[Date "2014.??.??"]
[Round "6"]
[White "Lebiedzinski, Maciej"]
[Black "Dabek, Wieslaw"]
[Result "0-1"]
[WhiteElo "1800"]
[BlackElo "1800"]
[PlyCount "74"]
[EventDate "2014.03.??"]
[EventType "swiss"]
[EventRounds "7"]
[EventCountry "POL"]
[SourceTitle "EXT 2021"]
[Source "ChessBase"]
[SourceDate "2020.10.23"]
[SourceVersion "1"]
[SourceVersionDate "2020.10.23"]
[SourceQuality "1"]

1. e4 c5 2. Nf3 Nc6 3. c3 e5 4. Be2 Nf6 5. d3 h6 6. 0-0 Qb6 7. Na3 Be7 8. Nc4 Qc7 9. Ne3 0-0 10. h3 d6 11. Bd2 Be6 12. b3 a5 13. Nh2 Rad8 14. Rc1 b5 15. Neg4 Nh7 16. f4 f5 17. exf5 Bxf5 18. Ne3 exf4 19. Nd5 Qa7 20. Rxf4 Bg5 21. Rf1 c4+ 22. d4 Nxd4 23. Kh1 Nxe2 24. Qxe2 Rde8 25. Qd1 Qb7 26. Bxg5 Nxg5 27. bxc4 bxc4 28. h4 Nh7 29. Qd2 Bd3 30. Rxf8+ Rxf8 31. Ne3 Nf6 32. Kg1 Ne4 33. Qe1 Rf2 34. Nhg4 Rxa2 35. h5 Qb6 36. Kh2 Re2 37. Qg1 a4 0-1

[Event "Wloclawek CC Classic 11th"]
[Site "Wloclawek"]
[Date "2014.??.??"]
[Round "3"]
[White "Milecki, Robert"]
[Black "Dabek, Wieslaw"]
[Result "0-1"]
[WhiteElo "1509"]
[BlackElo "1800"]
[PlyCount "68"]
[EventDate "2014.06.??"]
[EventType "swiss"]
[EventRounds "7"]
[EventCountry "POL"]
[SourceTitle "EXT 2021"]
[Source "ChessBase"]
[SourceDate "2020.10.23"]
[SourceVersion "1"]
[SourceVersionDate "2020.10.23"]
[SourceQuality "1"]

1. e4 e6 2. d4 d5 3. Nc3 Bb4 4. e5 Nc6 5. Qg4 Nge7 6. Bd3 Ng6 7. a3 Bxc3+ 8. bxc3 Qh4 9. Qf3 Bd7 10. Nh3 h6 11. 0-0 Nce7 12. Be3 0-0 13. Nf4 Nxf4 14. Bxf4 f5 15. g3 Qg4 16. Qxg4 fxg4 17. Be2 h5 18. Kg2 Ng6 19. Be3 Be8 20. Rh1 Ne7 21. h3 gxh3+ 22. Rxh3 g6 23. Rah1 Nf5 24. Bd2 Kf7 25. g4 hxg4 26. Rh7+ Ng7 27. Bxg4 Ba4 28. Bd1 Kg8 29. Bg5 Rac8 30. Bf6 Nh5 31. Rh8+ Kf7 32. Rxf8+ Rxf8 33. Bxh5 gxh5 34. Rxh5 Ke8 0-1

[Event "Wloclawek CC Classic 10th"]
[Site "Wloclawek"]
[Date "2014.??.??"]
[Round "7"]
[White "Oborski, Zbigniew"]
[Black "Dabek, Wieslaw"]
[Result "1/2-1/2"]
[WhiteElo "1400"]
[BlackElo "1800"]
[PlyCount "46"]
[EventDate "2014.04.??"]
[EventType "swiss"]
[EventRounds "7"]
[EventCountry "POL"]
[SourceTitle "EXT 2021"]
[Source "ChessBase"]
[SourceDate "2020.10.23"]
[SourceVersion "1"]
[SourceVersionDate "2020.10.23"]
[SourceQuality "1"]

1. d4 c5 2. Nf3 d5 3. c3 c4 4. g3 Nc6 5. Bg2 g6 6. 0-0 Bg7 7. Bf4 e6 8. Qc2 Nge7 9. Re1 0-0 10. Nbd2 b5 11. e4 a5 12. Rad1 b4 13. Rb1 h6 14. Red1 Kh7 15. Qa4 Bd7 16. Qc2 Kh8 17. Bd6 Re8 18. Ne5 Nxe5 19. Bxe5 Ra6 20. Nf3 f6 21. Bf4 g5 22. Be3 Qc7 23. e5 f5 1/2-1/2